Layer feeds in preaksamrong pooultry station, (ចំណីអាហារសំរាប់មាន់ចិញ្ចឹមយកស៊ុតនៅស្ថានីយ៍ចិញ្ចឹមមាន់ពូជព្រែកសំរោង) (Record no. 1723)

000 -LEADER
fixed length control field 00606nam a22001577a 4500
003 - CONTROL NUMBER IDENTIFIER
control field OSt
005 - DATE AND TIME OF LATEST TRANSACTION
control field 20151002174834.0
008 - FIXED-LENGTH DATA ELEMENTS--GENERAL INFORMATION
fixed length control field 151002b xxu||||| |||| 00| 0 eng d
040 ## - CATALOGING SOURCE
Transcribing agency RUA
082 ## - DEWEY DECIMAL CLASSIFICATION NUMBER
Classification number AVM HAS 1995 B069 Or.1
100 ## - MAIN ENTRY--PERSONAL NAME
9 (RLIN) 1826
Personal name HAS SOKHA
245 ## - TITLE STATEMENT
Title Layer feeds in preaksamrong pooultry station, (ចំណីអាហារសំរាប់មាន់ចិញ្ចឹមយកស៊ុតនៅស្ថានីយ៍ចិញ្ចឹមមាន់ពូជព្រែកសំរោង)
260 ## - PUBLICATION, DISTRIBUTION, ETC. (IMPRINT)
Place of publication, distribution, etc. phnom penh
Name of publisher, distributor, etc. RUA
Date of publication, distribution, etc. 1995
300 ## - PHYSICAL DESCRIPTION
Extent 52p.
Other physical details ill.
Dimensions 29cm.
942 ## - ADDED ENTRY ELEMENTS (KOHA)
Source of classification or shelving scheme
Koha item type AVM
Holdings
Price effective from Date last seen Permanent Location Not for loan Date acquired Source of classification or shelving scheme Koha item type Lost status Withdrawn status Date last checked out Total Checkouts Shelving location Damaged status Barcode Current Location Full call number
2015-10-022016-06-14Library Block B 2015-10-02 AVM  2016-06-023B069 RUA007525Library Block BAVM HAS 1995 B069 Or.1
2015-10-022015-10-02Library Block B 2015-10-02 AVM    B069 RUA007076Library Block BAVM HAS 1995 B069 Or.1
មជ្ឈមណ្ឌលឯការនៃសាកលវិទ្យាល័យភូមិន្ទកសិកម្មចំការដូង

Powered by Koha